[Event "COL-ch sf"]
[Site "Palmira"]
[Date "2020.11.15"]
[Round "7"]
[White "Remicio Gomez, Joshua Santiago"]
[Black "Manzano Gomez, Valentina"]
[Result "0-1"]
[WhiteElo "1221"]
[BlackElo "1722"]
[PlyCount "56"]
[EventDate "2020.11.12"]
[EventType "swiss"]
[EventRounds "8"]
[EventCountry "COL"]
[SourceTitle "CBM 199 Extra"]
[Source "ChessBase"]
[SourceDate "2021.01.31"]
[SourceVersion "1"]
[SourceVersionDate "2021.01.31"]
[SourceQuality "1"]

1. e4 c5 2. Nf3 d6 3. d4 cxd4 4. Nxd4 Nf6 5. Nc3 Nc6 6. Be3 Ng4 7. Qd2 Nxe3 8. Qxe3 Qb6 9. 0-0-0 e5 10. Nf5 Qxe3+ 11. Nxe3 Be6 12. Bb5 0-0-0 13. Kb1 g6 14. Rhe1 f5 15. a3 Bg7 16. Rd2 Rhf8 17. Red1 Nd4 18. Bc4 Bxc4 19. Nxc4 fxe4 20. Nxe4 d5 21. Ncd6+ Kc7 22. Nxb7 Kxb7 23. Ng5 Bh6 24. Rxd4 Bxg5 25. Rxd5 Rxd5 26. Rxd5 Rxf2 27. Rxe5 Rxg2 28. Rd5 Kc6 0-1

[Event "COL-ch sf"]
[Site "Palmira"]
[Date "2020.11.14"]
[Round "5"]
[White "Manzano Gomez, Valentina"]
[Black "Gonzalez Rayo, Eilen Daniela"]
[Result "1-0"]
[WhiteElo "1722"]
[BlackElo "1159"]
[PlyCount "53"]
[EventDate "2020.11.12"]
[EventType "swiss"]
[EventRounds "8"]
[EventCountry "COL"]
[SourceTitle "CBM 199 Extra"]
[Source "ChessBase"]
[SourceDate "2021.01.31"]
[SourceVersion "1"]
[SourceVersionDate "2021.01.31"]
[SourceQuality "1"]

1. e4 e5 2. Nf3 Nc6 3. Bb5 a6 4. Ba4 Nf6 5. d4 exd4 6. 0-0 b5 7. e5 bxa4 8. exf6 Qxf6 9. Re1+ Be7 10. Bg5 Qg6 11. Bxe7 Nxe7 12. Nxd4 Bb7 13. g3 c5 14. Qe2 Qf6 15. Nf5 Kd8 16. Qxe7+ Qxe7 17. Rxe7 g6 18. Rxf7 gxf5 19. Rxf5 d6 20. Nc3 Re8 21. Rd1 Kd7 22. Nxa4 Kc6 23. Rfd5 Rad8 24. Nxc5 Kc7 25. Nxb7 Kxb7 26. Rxd6 Rc8 27. Rd7+ 1-0

[Event "Antioquia op"]
[Site "Antioquia"]
[Date "2020.03.07"]
[Round "8"]
[White "Granda Carranza, Mateo"]
[Black "Manzano Gomez, Valentina"]
[Result "0-1"]
[WhiteElo "1373"]
[BlackElo "1757"]
[PlyCount "106"]
[EventDate "2020.03.03"]
[EventType "swiss"]
[EventRounds "9"]
[EventCountry "COL"]
[SourceTitle "CBM 195 Extra"]
[Source "ChessBase"]
[SourceDate "2020.05.31"]
[SourceVersion "1"]
[SourceVersionDate "2020.05.31"]
[SourceQuality "1"]

1. e4 c5 2. Nf3 Nc6 3. d4 cxd4 4. Nxd4 Nf6 5. Nc3 d6 6. Be3 e5 7. Nb3 Be6 8. Be2 Be7 9. f3 d5 10. exd5 Nxd5 11. Nxd5 Bxd5 12. 0-0 0-0 13. c3 b6 14. Qc2 Qc7 15. Bd3 g6 16. Rad1 Rac8 17. Qe2 Bf6 18. Bb1 Ne7 19. Rd2 Bc4 20. Bd3 Be6 21. Rfd1 Nf5 22. Bf2 Ng7 23. Be4 Rfd8 24. Bg3 Nh5 25. Qe1 Nxg3 26. Qxg3 Rxd2 27. Rxd2 Rd8 28. Qf2 a5 29. Rxd8+ Qxd8 30. Qd2 Qxd2 31. Nxd2 Bxa2 32. Kf2 Bg5 33. Ke2 Bxd2 34. Kxd2 f5 35. Bc6 Bc4 36. Kc2 Kf7 37. b3 Bf1 38. g3 f4 39. Kd2 Ke6 40. c4 Bh3 41. Bd5+ Kd6 42. Kd3 Bf5+ 43. Kc3 Kc5 44. Bg8 g5 45. g4 Bg6 46. Be6 h6 47. Bg8 Be8 48. Bd5 Bc6 49. Bxc6 Kxc6 50. b4 axb4+ 51. Kxb4 e4 52. Kc3 exf3 53. Kd2 Kc5 0-1

[Event "COL-ch U20 Girls"]
[Site "Tolima"]
[Date "2020.02.15"]
[Round "6"]
[White "Toro Castaneda, Elizabeth"]
[Black "Manzano Gomez, Valentina"]
[Result "1-0"]
[WhiteElo "1936"]
[BlackElo "1783"]
[PlyCount "43"]
[EventDate "2020.02.12"]
[EventType "swiss"]
[EventRounds "7"]
[EventCountry "COL"]
[SourceTitle "CBM 195 Extra"]
[Source "ChessBase"]
[SourceDate "2020.05.31"]
[SourceVersion "1"]
[SourceVersionDate "2020.05.31"]
[SourceQuality "1"]

1. Nf3 Nf6 2. g3 g6 3. Bg2 Bg7 4. 0-0 0-0 5. d3 d5 6. Nbd2 c5 7. e4 Nc6 8. Re1 e5 9. c3 a6 10. exd5 Nxd5 11. Nc4 f6 12. Qb3 Kh8 13. a4 b6 14. Nfd2 Be6 15. Qc2 Qc7 16. Ne4 Qe7 17. Ne3 b5 18. Nxf6 Qxf6 19. Nxd5 Bxd5 20. Bxd5 Rad8 21. Be4 c4 22. Be3 1-0

[Event "COL-ch U20 Girls"]
[Site "Tolima"]
[Date "2020.02.14"]
[Round "5"]
[White "Gomez Guardo, Laura Melissa"]
[Black "Manzano Gomez, Valentina"]
[Result "0-1"]
[WhiteElo "1888"]
[BlackElo "1783"]
[PlyCount "68"]
[EventDate "2020.02.12"]
[EventType "swiss"]
[EventRounds "7"]
[EventCountry "COL"]
[SourceTitle "CBM 195 Extra"]
[Source "ChessBase"]
[SourceDate "2020.05.31"]
[SourceVersion "1"]
[SourceVersionDate "2020.05.31"]
[SourceQuality "1"]

1. d4 Nf6 2. c4 g6 3. g3 Bg7 4. Bg2 d5 5. Nc3 c6 6. cxd5 Nxd5 7. e4 Nxc3 8. bxc3 c5 9. Ne2 0-0 10. 0-0 Nc6 11. d5 Na5 12. Be3 b6 13. Qc2 Nc4 14. Bf4 e6 15. Qa4 exd5 16. exd5 Ne5 17. Rad1 Bd7 18. Qc2 Bf5 19. Qa4 Bd7 20. Qa3 Bb5 21. Qb2 Ba4 22. Rb1 Nd3 23. Qa3 Bc2 24. Ra1 b5 25. Be3 a5 26. Bxc5 b4 27. cxb4 axb4 28. Qxa8 Qxa8 29. Bxf8 Qxf8 30. Rad1 Bxd1 31. Rxd1 Nb2 32. Rc1 Qe7 33. Bf3 Bc3 34. Kg2 Nd3 0-1

[Event "COL-ch U20 Girls"]
[Site "Tolima"]
[Date "2020.02.13"]
[Round "2"]
[White "Manzano Gomez, Valentina"]
[Black "Perez Valcarcel, Maria Jose"]
[Result "0-1"]
[WhiteElo "1783"]
[BlackElo "1443"]
[PlyCount "58"]
[EventDate "2020.02.12"]
[EventType "swiss"]
[EventRounds "7"]
[EventCountry "COL"]
[SourceTitle "CBM 195 Extra"]
[Source "ChessBase"]
[SourceDate "2020.05.31"]
[SourceVersion "1"]
[SourceVersionDate "2020.05.31"]
[SourceQuality "1"]

1. e4 e6 2. d4 d5 3. Nd2 c5 4. exd5 exd5 5. dxc5 Bxc5 6. Nb3 Bb6 7. Nf3 Nf6 8. Bd3 Qe7+ 9. Qe2 Qxe2+ 10. Bxe2 0-0 11. 0-0 Nc6 12. c3 Bf5 13. Bg5 Rfe8 14. Rfe1 Ne4 15. Bh4 h6 16. Nbd4 Bh7 17. Rad1 g5 18. Bg3 g4 19. Nxc6 Nxg3 20. hxg3 gxf3 21. Bb5 Rxe1+ 22. Rxe1 bxc6 23. Bxc6 Rd8 24. gxf3 d4 25. Re8+ Rxe8 26. Bxe8 d3 27. Kf1 d2 28. Ke2 Bxf2 29. Kxd2 Bxg3 0-1

[Event "COL-ch U20 Girls"]
[Site "Tolima"]
[Date "2020.02.13"]
[Round "3"]
[White "Ramos Rocha, Natalia"]
[Black "Manzano Gomez, Valentina"]
[Result "0-1"]
[WhiteElo "1199"]
[BlackElo "1783"]
[PlyCount "74"]
[EventDate "2020.02.12"]
[EventType "swiss"]
[EventRounds "7"]
[EventCountry "COL"]
[SourceTitle "CBM 195 Extra"]
[Source "ChessBase"]
[SourceDate "2020.05.31"]
[SourceVersion "1"]
[SourceVersionDate "2020.05.31"]
[SourceQuality "1"]

1. e4 c5 2. Nf3 Nc6 3. d4 cxd4 4. Nxd4 Nf6 5. Nc3 d6 6. Be2 e6 7. 0-0 Be7 8. Be3 0-0 9. h3 a6 10. a3 Qc7 11. Qd2 b5 12. Nxc6 Qxc6 13. Bf3 e5 14. Rad1 Be6 15. Rfe1 Rac8 16. Re2 Rfd8 17. Nd5 Bxd5 18. exd5 Qc7 19. Bg5 Re8 20. c3 Nd7 21. Bg4 Rb8 22. Bxe7 Rxe7 23. Qd3 Nf6 24. Bf5 g6 25. Be4 Nd7 26. Qg3 Qc4 27. Qd3 Qxd3 28. Bxd3 Nb6 29. Bb1 Rc7 30. g3 Rc5 31. Ba2 a5 32. Rc2 b4 33. axb4 axb4 34. c4 Rbc8 35. b3 Nxd5 36. Rdd2 Nc3 37. Rxd6 Ra8 0-1

[Event "COL Intercollegiate-ch U18 Girls"]
[Site "Paipa"]
[Date "2019.12.16"]
[Round "7"]
[White "Manzano Gomez, Valentina"]
[Black "Ruiz Jaraba, Valentina Sofia"]
[Result "0-1"]
[WhiteElo "1783"]
[BlackElo "1649"]
[PlyCount "108"]
[EventDate "2019.12.06"]
[EventType "swiss"]
[EventRounds "7"]
[EventCountry "COL"]
[SourceTitle "CBM 193 Extra"]
[Source "ChessBase"]
[SourceDate "2020.01.31"]
[SourceVersion "1"]
[SourceVersionDate "2020.01.31"]
[SourceQuality "1"]

1. e4 c5 2. Nf3 d6 3. d4 cxd4 4. Nxd4 Nf6 5. Nc3 a6 6. Bg5 e6 7. f4 h6 8. Bh4 Be7 9. Bf2 Nbd7 10. g4 Qc7 11. Bd3 b5 12. a3 Bb7 13. Qe2 Rc8 14. h4 Qa5 15. Nb3 Qc7 16. g5 hxg5 17. fxg5 Nh5 18. g6 Ne5 19. gxf7+ Nxf7 20. Qg4 Ne5 21. Qh3 Nf4 22. Qg3 Nh5 23. Qe3 Rf8 24. Qb6 Nf3+ 25. Kd1 Qxb6 26. Bxb6 Nxh4 27. Nd4 Kd7 28. Ncxb5 e5 29. Nxd6 Kxd6 30. Rxh4 Bxh4 31. Nf5+ Kc6 32. Nxh4 Kxb6 33. Kd2 Rcd8 34. Ke3 Nf6 35. Rg1 Rd7 36. Rg6 Ka7 37. Rg5 Bc8 38. Nf5 Rc7 39. Nd6 Ng4+ 40. Ke2 Be6 41. Nf5 Bxf5 42. exf5 Nf6 43. b3 Rh8 44. Rg2 Rh5 45. Rf2 Nd5 46. Bc4 Nf4+ 47. Ke3 Rxf5 48. a4 Rh5 49. Ke4 Rd7 50. Ke3 Rd4 51. Rf3 Rh2 52. Rf1 Rh3+ 53. Kf2 Rd2+ 54. Ke1 Rhh2 0-1

[Event "COL Intercollegiate-ch blitz U18 Girls"]
[Site "Paipa"]
[Date "2019.12.15"]
[Round "3"]
[White "Caro Estrada, Esveny"]
[Black "Manzano Gomez, Valentina"]
[Result "0-1"]
[WhiteElo "1551"]
[BlackElo "1686"]
[PlyCount "56"]
[EventDate "2019.12.15"]
[EventType "swiss (blitz)"]
[EventRounds "12"]
[EventCountry "COL"]
[SourceTitle "CBM 193 Extra"]
[Source "ChessBase"]
[SourceDate "2020.01.31"]
[SourceVersion "1"]
[SourceVersionDate "2020.01.31"]
[SourceQuality "1"]

1. e4 c5 2. Nf3 Nc6 3. d4 cxd4 4. Nxd4 Nf6 5. Nc3 d6 6. f3 e5 7. Nb3 Be6 8. Be3 Be7 9. Be2 0-0 10. 0-0 d5 11. exd5 Nxd5 12. Nxd5 Bxd5 13. Bf2 Bxb3 14. axb3 Qc7 15. Bd3 a6 16. Qe2 g6 17. Bg3 Bf6 18. c3 Qb6+ 19. Kh1 Qxb3 20. f4 exf4 21. Bxf4 Rfe8 22. Qf2 Bg7 23. Rae1 Qd5 24. Bc2 Qb5 25. Be3 Ne5 26. Bd4 Qd5 27. Be4 Qd7 28. Qf3 Nxf3 0-1

[Event "COL Intercollegiate-ch blitz U18 Girls"]
[Site "Paipa"]
[Date "2019.12.15"]
[Round "5"]
[White "Leal, Dayana Vanessa"]
[Black "Manzano Gomez, Valentina"]
[Result "1/2-1/2"]
[WhiteElo "1465"]
[BlackElo "1686"]
[PlyCount "21"]
[EventDate "2019.12.15"]
[EventType "swiss (blitz)"]
[EventRounds "12"]
[EventCountry "COL"]
[SourceTitle "CBM 193 Extra"]
[Source "ChessBase"]
[SourceDate "2020.01.31"]
[SourceVersion "1"]
[SourceVersionDate "2020.01.31"]
[SourceQuality "1"]

1. d4 Nf6 2. c4 g6 3. Nc3 d5 4. cxd5 Nxd5 5. e3 Nxc3 6. bxc3 Bg7 7. Nf3 0-0 8. e4 c5 9. Be3 Nc6 10. Rb1 Ne5 11. d5 1/2-1/2

[Event "COL Intercollegiate-ch blitz U18 Girls"]
[Site "Paipa"]
[Date "2019.12.15"]
[Round "1"]
[White "Manzano Gomez, Valentina"]
[Black "Corredor Agamez, Nicole Vanessa"]
[Result "1-0"]
[WhiteElo "1686"]
[BlackElo "1339"]
[PlyCount "23"]
[EventDate "2019.12.15"]
[EventType "swiss (blitz)"]
[EventRounds "12"]
[EventCountry "COL"]
[SourceTitle "CBM 193 Extra"]
[Source "ChessBase"]
[SourceDate "2020.01.31"]
[SourceVersion "1"]
[SourceVersionDate "2020.01.31"]
[SourceQuality "1"]

1. e4 e5 2. Nf3 Nc6 3. Bb5 d6 4. d4 Bd7 5. Nc3 exd4 6. Nxd4 Nxd4 7. Bxd7+ Qxd7 8. Qxd4 0-0-0 9. Qxa7 c6 10. Be3 Kc7 11. Bb6+ Kc8 12. Qa8# 1-0

[Event "COL Intercollegiate-ch rapid U18 Girls"]
[Site "Paipa"]
[Date "2019.12.14"]
[Round "5"]
[White "Macias Chavarro, Manuela"]
[Black "Manzano Gomez, Valentina"]
[Result "1-0"]
[WhiteElo "1675"]
[BlackElo "1670"]
[PlyCount "121"]
[EventDate "2019.12.14"]
[EventType "swiss (rapid)"]
[EventRounds "6"]
[EventCountry "COL"]
[SourceTitle "CBM 193 Extra"]
[Source "ChessBase"]
[SourceDate "2020.01.31"]
[SourceVersion "1"]
[SourceVersionDate "2020.01.31"]
[SourceQuality "1"]

1. e4 c5 2. Nc3 a6 3. g3 b5 4. Bg2 Bb7 5. d3 e6 6. f4 Be7 7. Nf3 d5 8. 0-0 b4 9. Ne2 dxe4 10. dxe4 Qxd1 11. Rxd1 Bxe4 12. c3 Nf6 13. cxb4 cxb4 14. b3 0-0 15. Bb2 Bc5+ 16. Bd4 Nbd7 17. Rac1 Rac8 18. h3 h6 19. Bxc5 Rxc5 20. Rxc5 Nxc5 21. Nfd4 Rd8 22. Rc1 Rc8 23. a3 a5 24. axb4 axb4 25. Rc4 Bxg2 26. Kxg2 Nd5 27. Kf3 Kf8 28. Nc2 Rc7 29. Nxb4 Nxb3 30. Rxc7 Nxc7 31. Ke4 Nc5+ 32. Kd4 N5a6 33. Nd3 Ke7 34. Ne5 Nb5+ 35. Ke3 f6 36. Nd3 Kd6 37. Kf3 Kd5 38. Ke3 Nc5 39. Nb4+ Kc4 40. Nc6 Nd6 41. Nd8 Nf5+ 42. Kf3 Nd4+ 43. Nxd4 Kxd4 44. Nc6+ Kd5 45. Ne7+ Kd6 46. Ng6 e5 47. Ke3 Ke6 48. Nh4 g5 49. fxg5 fxg5 50. Nf3 e4 51. Nd4+ Ke5 52. Nc6+ Kd5 53. Ne7+ Ke6 54. Nc6 Kd6 55. Nd4 Ke5 56. Nc6+ Ke6 57. Nd4+ Kf6 58. g4 Kg6 59. Ne2 h5 60. Ng3 hxg4 61. hxg4 1-0

[Event "COL Intercollegiate-ch rapid U18 Girls"]
[Site "Paipa"]
[Date "2019.12.14"]
[Round "4"]
[White "Manzano Gomez, Valentina"]
[Black "Caro Estrada, Esveny"]
[Result "1-0"]
[WhiteElo "1670"]
[BlackElo "1541"]
[PlyCount "57"]
[EventDate "2019.12.14"]
[EventType "swiss (rapid)"]
[EventRounds "6"]
[EventCountry "COL"]
[SourceTitle "CBM 193 Extra"]
[Source "ChessBase"]
[SourceDate "2020.01.31"]
[SourceVersion "1"]
[SourceVersionDate "2020.01.31"]
[SourceQuality "1"]

1. e4 d5 2. exd5 Qxd5 3. Nc3 Qd6 4. d4 Nf6 5. Bc4 a6 6. Nf3 g6 7. 0-0 Bg7 8. Re1 0-0 9. Bg5 b5 10. Bb3 Bb7 11. a4 b4 12. Na2 c5 13. dxc5 Qxc5 14. Be3 Qc7 15. Nxb4 Nbd7 16. Bg5 e6 17. Qe2 Ng4 18. h3 Nxf2 19. Qxf2 Bxb2 20. Rab1 Bc3 21. Nd3 Bxe1 22. Rxe1 Qb6 23. Be3 Qd8 24. Bh6 Re8 25. Nfe5 Nxe5 26. Nxe5 Qe7 27. Nd7 Red8 28. Qd4 e5 29. Rxe5 1-0

[Event "COL Intercollegiate-ch U18 Girls"]
[Site "Paipa"]
[Date "2019.12.08"]
[Round "5"]
[White "Sabogal Varela, Erika Tatiana"]
[Black "Manzano Gomez, Valentina"]
[Result "0-1"]
[WhiteElo "1140"]
[BlackElo "1783"]
[PlyCount "100"]
[EventDate "2019.12.06"]
[EventType "swiss"]
[EventRounds "7"]
[EventCountry "COL"]
[SourceTitle "CBM 193 Extra"]
[Source "ChessBase"]
[SourceDate "2020.01.31"]
[SourceVersion "1"]
[SourceVersionDate "2020.01.31"]
[SourceQuality "1"]

1. e4 c5 2. Nf3 d6 3. Bb5+ Bd7 4. Bxd7+ Qxd7 5. c4 Nf6 6. Nc3 e6 7. d3 Nc6 8. Be3 Be7 9. 0-0 0-0 10. Qd2 a6 11. Rfd1 Rac8 12. b3 Rfd8 13. h3 Ne5 14. Nxe5 dxe5 15. f4 Bd6 16. Ne2 Qc7 17. Rab1 Nh5 18. Rf1 exf4 19. Nxf4 Ng3 20. Rf3 Nxe4 21. dxe4 Bxf4 22. Bxf4 Rxd2 23. Bxc7 Rxc7 24. a4 a5 25. Re3 e5 26. Kf1 Rcd7 27. Re2 R7d4 28. Re3 Kf8 29. Rbe1 Ke7 30. R1e2 R4d3 31. Kf2 Rxe2+ 32. Kxe2 Rxe3+ 33. Kxe3 Kf6 34. Kf3 Kg5 35. g3 g6 36. Ke3 h5 37. Kf3 h4 38. g4 f5 39. gxf5 gxf5 40. Ke3 b6 41. Kf3 fxe4+ 42. Kxe4 Kf6 43. Kf3 Kf5 44. Ke3 e4 45. Ke2 Kf4 46. Kf2 e3+ 47. Ke2 Ke4 48. Kd1 Kd3 49. Ke1 e2 50. Kf2 Kd2 0-1

[Event "Pan American-ch School U17 Girls"]
[Site "Medellin"]
[Date "2019.11.12"]
[Round "2"]
[White "Manzano Gomez, Valentina"]
[Black "Alvarez Dominguez, Hellen Melissa"]
[Result "1-0"]
[WhiteElo "1727"]
[BlackElo "1464"]
[PlyCount "165"]
[EventDate "2019.11.12"]
[EventType "swiss"]
[EventRounds "9"]
[EventCountry "COL"]
[SourceTitle "CBM 193 Extra"]
[Source "ChessBase"]
[SourceDate "2020.01.31"]
[SourceVersion "1"]
[SourceVersionDate "2020.01.31"]
[SourceQuality "1"]

1. e4 e5 2. Nf3 Nc6 3. Bb5 a6 4. Ba4 Nf6 5. 0-0 Be7 6. c3 d6 7. d3 0-0 8. Nbd2 b5 9. Bb3 Na5 10. Bc2 c5 11. Re1 Re8 12. Nf1 Bf8 13. d4 Bg4 14. d5 c4 15. h3 Bd7 16. Be3 Nb7 17. N1d2 Rc8 18. a4 Nc5 19. axb5 axb5 20. Qb1 Qc7 21. Rc1 Ra8 22. Rxa8 Rxa8 23. b4 cxb3 24. Nxb3 Na4 25. Bd3 Nxc3 26. Qb2 b4 27. Nbd2 Rc8 28. Nb1 Qa5 29. Nxc3 bxc3 30. Qa1 Qxa1 31. Rxa1 Be8 32. Kf1 Nd7 33. Rc1 f6 34. Ke2 g6 35. Bd2 Nc5 36. Rxc3 Ra8 37. Ne1 Ra2 38. f3 Nxd3 39. Nxd3 Bh6 40. f4 exf4 41. Kd1 f3 42. Bxh6 f2 43. Nxf2 Rxf2 44. Rc8 Kf7 45. Rc7+ Kg8 46. Rg7+ Kh8 47. Re7 Ba4+ 48. Ke1 Rb2 49. Rf7 Rb8 50. Rxf6 Bc2 51. Re6 Kg8 52. Re7 Rd8 53. Kd2 Ba4 54. Ke3 Re8 55. Rg7+ Kh8 56. Rc7 Bb5 57. Rf7 Ba4 58. Kd3 Bb5+ 59. Kd4 Kg8 60. Rf6 Rd8 61. e5 dxe5+ 62. Kxe5 Bc4 63. d6 Bf7 64. Rf2 Re8+ 65. Kd4 Rc8 66. Rb2 Rd8 67. Rb6 Be8 68. Kd5 Bd7 69. Rb7 Kf7 70. Bg5 Ke8 71. Bxd8 Kxd8 72. Rxd7+ Kxd7 73. g4 g5 74. Ke5 h6 75. Kd5 Kd8 76. Ke6 Ke8 77. Kf6 Kd7 78. Kg6 Kxd6 79. Kxh6 Ke7 80. Kxg5 Kf8 81. Kg6 Kg8 82. g5 Kh8 83. Kf7 1-0

[Event "Pan American-ch School U17 Girls"]
[Site "Medellin"]
[Date "2019.11.12"]
[Round "1"]
[White "Perez Valcarcel, Maria Jose"]
[Black "Manzano Gomez, Valentina"]
[Result "0-1"]
[WhiteElo "1494"]
[BlackElo "1727"]
[PlyCount "66"]
[EventDate "2019.11.12"]
[EventType "swiss"]
[EventRounds "9"]
[EventCountry "COL"]
[SourceTitle "CBM 193 Extra"]
[Source "ChessBase"]
[SourceDate "2020.01.31"]
[SourceVersion "1"]
[SourceVersionDate "2020.01.31"]
[SourceQuality "1"]

1. e4 c5 2. Nf3 Nc6 3. d4 cxd4 4. Nxd4 Nf6 5. Nc3 d6 6. Bc4 e6 7. 0-0 Be7 8. Kh1 0-0 9. f4 d5 10. exd5 exd5 11. Bb3 Bc5 12. Nf3 d4 13. Na4 Be7 14. Ne5 Bd7 15. Nd3 Bg4 16. Qe1 Bf5 17. Ne5 Rc8 18. Nxc6 Rxc6 19. Qe5 Bxc2 20. Bxc2 Rxc2 21. h3 Qd5 22. Qxd5 Nxd5 23. Rd1 Bf6 24. b3 b5 25. Nb2 d3 26. Rxd3 Nb4 27. Rd2 Rxd2 28. Bxd2 Bxb2 29. Re1 Nxa2 30. Re7 Ra8 31. Be3 a5 32. Bb6 Nc1 33. Bxa5 Nxb3 0-1

[Event "Pan American-ch U18 Girls"]
[Site "Guayaquil"]
[Date "2019.07.27"]
[Round "9"]
[White "Manzano Gomez, Valentina"]
[Black "Pincay Coloma, Renata Alejandra"]
[Result "1-0"]
[WhiteElo "1673"]
[BlackElo "1645"]
[PlyCount "83"]
[EventDate "2019.07.21"]
[EventType "swiss"]
[EventRounds "9"]
[EventCountry "ECU"]
[SourceTitle "EXT 2020"]
[Source "ChessBase"]
[SourceDate "2019.10.17"]
[SourceVersion "1"]
[SourceVersionDate "2019.10.17"]
[SourceQuality "1"]

1. e4 d5 2. exd5 Nf6 3. d4 Nxd5 4. Nf3 g6 5. Bc4 Bg7 6. 0-0 0-0 7. c3 Nc6 8. Re1 Bg4 9. Bg5 Qd7 10. Nbd2 e6 11. h3 Bxf3 12. Qxf3 h6 13. Bh4 Nb6 14. Bb3 Na5 15. Bc2 Nac4 16. Ne4 Nd5 17. b3 Nd6 18. Rad1 Nf5 19. Bg3 Nxg3 20. Qxg3 Rad8 21. Nc5 Qc8 22. Bxg6 b6 23. c4 bxc5 24. cxd5 Rxd5 25. Bb1 cxd4 26. Re4 Rg5 27. Qd3 e5 28. Rxe5 Re8 29. Rxg5 hxg5 30. Qg3 Re5 31. Bd3 Qe6 32. Qf3 Re1+ 33. Rxe1 Qxe1+ 34. Kh2 Be5+ 35. g3 f6 36. Qd5+ Kg7 37. Qd7+ Kf8 38. Qd8+ Kg7 39. Qe7+ Kg8 40. Bc4+ Kh8 41. Qf8+ Kh7 42. Bd3+ 1-0

[Event "Pan American-ch U18 Girls"]
[Site "Guayaquil"]
[Date "2019.07.25"]
[Round "7"]
[White "Estrada Cantaro, Alexandra Fiore"]
[Black "Manzano Gomez, Valentina"]
[Result "1-0"]
[WhiteElo "1711"]
[BlackElo "1673"]
[PlyCount "54"]
[EventDate "2019.07.21"]
[EventType "swiss"]
[EventRounds "9"]
[EventCountry "ECU"]
[SourceTitle "EXT 2020"]
[Source "ChessBase"]
[SourceDate "2019.10.17"]
[SourceVersion "1"]
[SourceVersionDate "2019.10.17"]
[SourceQuality "1"]

1. e4 c5 2. Nf3 Nc6 3. d4 cxd4 4. Nxd4 Nf6 5. Nc3 d6 6. Bg5 e6 7. Qd2 a6 8. f4 h6 9. Bxf6 Qxf6 10. Nf3 Qd8 11. g4 Be7 12. 0-0-0 b5 13. Bd3 e5 14. f5 Nd4 15. Qf2 Nxf3 16. Qxf3 b4 17. Nd5 Bg5+ 18. Kb1 Rb8 19. Qf2 a5 20. h4 Be7 21. g5 Bd7 22. Qa7 a4 23. f6 gxf6 24. gxf6 Bxf6 25. Nxf6+ Ke7 26. Nxd7 Qxd7 27. Qxd7+ Kxd7 1-0

[Event "Pan American-ch U18 Girls"]
[Site "Guayaquil"]
[Date "2019.07.23"]
[Round "4"]
[White "Perez Canete, Dora Romina"]
[Black "Manzano Gomez, Valentina"]
[Result "0-1"]
[WhiteElo "1482"]
[BlackElo "1673"]
[PlyCount "86"]
[EventDate "2019.07.21"]
[EventType "swiss"]
[EventRounds "9"]
[EventCountry "ECU"]
[SourceTitle "EXT 2020"]
[Source "ChessBase"]
[SourceDate "2019.10.17"]
[SourceVersion "1"]
[SourceVersionDate "2019.10.17"]
[SourceQuality "1"]

1. e4 c5 2. c3 Nf6 3. f3 d5 4. e5 Nfd7 5. d4 Nc6 6. f4 e6 7. Nf3 c4 8. Be2 Be7 9. 0-0 0-0 10. Be3 b5 11. Nbd2 a5 12. g4 Nb6 13. g5 b4 14. h4 Bd7 15. Rf2 Kh8 16. Rh2 Rb8 17. h5 Na7 18. cxb4 axb4 19. b3 c3 20. Nf1 Rc8 21. Qc2 Nb5 22. Bxb5 Bxb5 23. g6 Na8 24. gxh7 Nc7 25. Qg2 Bd3 26. h6 g6 27. Ng5 Bxg5 28. fxg5 Nb5 29. Ng3 Kxh7 30. Rd1 Bf5 31. Nxf5 exf5 32. Qe2 Qb6 33. Qd3 Ra8 34. Bc1 Rfc8 35. Rc2 Ra5 36. Qf3 Nxd4 37. Qf2 Nf3+ 38. Kg2 Qxf2+ 39. Rxf2 Nxe5 40. Re2 Nc6 41. Rc2 d4 42. Bf4 Rca8 43. Kg3 Rxa2 0-1

[Event "Pan American-ch U18 Girls"]
[Site "Guayaquil"]
[Date "2019.07.22"]
[Round "2"]
[White "Ramos Donaire, Maria Pradi"]
[Black "Manzano Gomez, Valentina"]
[Result "1/2-1/2"]
[WhiteElo "1637"]
[BlackElo "1673"]
[PlyCount "80"]
[EventDate "2019.07.21"]
[EventType "swiss"]
[EventRounds "9"]
[EventCountry "ECU"]
[SourceTitle "EXT 2020"]
[Source "ChessBase"]
[SourceDate "2019.10.17"]
[SourceVersion "1"]
[SourceVersionDate "2019.10.17"]
[SourceQuality "1"]

1. e4 c5 2. Nf3 Nc6 3. d4 cxd4 4. Nxd4 Nf6 5. Nc3 d6 6. Be3 Ng4 7. Nxc6 bxc6 8. Qd2 Nxe3 9. Qxe3 e5 10. Bc4 Be7 11. Qf3 0-0 12. 0-0 Rb8 13. Bb3 Be6 14. Qd3 Qc8 15. f4 exf4 16. Rxf4 Qc7 17. Raf1 d5 18. exd5 cxd5 19. Nxd5 Qc5+ 20. Kh1 Bxd5 21. Qxd5 Qxd5 22. Bxd5 Rxb2 23. Rxf7 Rxf7 24. Bxf7+ Kf8 25. Bb3+ Bf6 26. Kg1 Ke7 27. Rd1 a5 28. Kf2 a4 29. Bxa4 Rxa2 30. Rd7+ Ke6 31. Bb3+ Kxd7 32. Bxa2 Kc6 33. Ke3 Kc5 34. Ke4 h6 35. g3 Bc3 36. g4 Bf6 37. h3 Bc3 38. h4 Bf6 39. h5 Bc3 40. Bb3 Bf6 1/2-1/2

[Event "COL-ch U18 Girls"]
[Site "Fusagasuga"]
[Date "2019.07.01"]
[Round "7"]
[White "Diaz, Luisa Fernanda"]
[Black "Manzano Gomez, Valentina"]
[Result "0-1"]
[WhiteElo "1682"]
[BlackElo "1711"]
[PlyCount "94"]
[EventDate "2019.06.26"]
[EventType "swiss (rapid)"]
[EventRounds "3"]
[EventCountry "COL"]
[SourceTitle "CBM 191 Extra"]
[Source "ChessBase"]
[SourceDate "2019.09.30"]
[SourceVersion "1"]
[SourceVersionDate "2019.09.30"]
[SourceQuality "1"]

1. e4 c5 2. Nf3 Nf6 3. Nc3 d6 4. Be2 Nc6 5. d3 g6 6. 0-0 Bg7 7. Re1 0-0 8. h3 h6 9. Be3 b6 10. Bf1 e5 11. Qd2 Kh7 12. Nh2 d5 13. Nxd5 Nxd5 14. exd5 Qxd5 15. Ng4 f5 16. Nxh6 f4 17. Ng4 Bxg4 18. hxg4 fxe3 19. Rxe3 Rh8 20. Rh3+ Kg8 21. Qg5 Rxh3 22. gxh3 Nd4 23. Bg2 Nf3+ 24. Kh1 Qf7 25. Qe3 Rf8 26. Bxf3 Qxf3+ 27. Qxf3 Rxf3 28. Kg2 Rf4 29. Re1 Bf6 30. Re4 Bh4 31. Rxf4 exf4 32. Kf3 g5 33. Ke2 Kf7 34. f3 Ke6 35. c3 Kd5 36. Kd2 b5 37. Kc2 c4 38. dxc4+ Kxc4 39. b3+ Kd5 40. Kd3 a5 41. Kc2 a4 42. Kd3 Be1 43. Kc2 axb3+ 44. axb3 b4 45. c4+ Kd4 46. Kd1 Bf2 47. Kd2 Bg1 0-1